| 000 | 00537nam a22001697a 4500 | ||
|---|---|---|---|
| 003 | 0 | ||
| 005 | 20231107100601.0 | ||
| 008 | 230701b xxu||||| |||| 00| 0 eng d | ||
| 050 |
_aRJ 506 _b.Se438 2022 |
||
| 100 | _aSealtiel, Avegail C. | ||
| 245 |
_aBoredom as predictor to anxiety of school varsity athletes _cSealtiel, Avegail C. |
||
| 260 |
_aLas PiƱas City _bSouthville International School and Colleges _cC2022 |
||
| 300 |
_aviii, 64pp. _c28cm. |
||
| 500 | _aAnxiety. | ||
| 500 | _aSchool Varsity Athletes. | ||
| 942 |
_2lcc _cTH |
||
| 999 |
_c365103 _d365103 |
||